000 00716nam a2200229Ii 4500
003 JO-AjNU
008 230606s9999||||xx |||||||||||||| ||und||
020 _a0-09-172913-3
040 _aJO-AjNU
_beng
_erda
_cJO-AjNU
041 _aeng
050 1 4 _aHF5686.C8 1987
100 3 _aedited: Woolf,Emile / Tanna,Suresh / Singh,Karam,
_eauthor
_93261
245 0 0 _aCosting
250 _a1 ed
264 3 1 _aLondon: Hutchinson,1987
300 _a486P
_bIncludes appendix indexes(p477-486)
336 _atext
_btxt
_2rdacontent
337 _aunmediated
_bn
_2rdamedia
338 _avolume
_bnc
_2rdacarrier
490 0 _aE.W. Fact Professional Studies Series.ACCA
650 4 _aCertified and Corporate Accountants
_93262
999 _aE1706
_c1706
_d1706